ბათუმის შოთა რუსთაველის სახელმწიფო უნივერსიტეტის ბიბლიოთეკა

Linux administration : (ბიბ.ჩანაწერი № 58182)

000 -LEADER
fixed length control field 00837cam a2200229 i 4500
001 - CONTROL NUMBER
control field 18842705
005 - DATE AND TIME OF LATEST TRANSACTION
control field 20221110124546.0
008 - FIXED-LENGTH DATA ELEMENTS--GENERAL INFORMATION
fixed length control field 151103s2016 nyu 001 0 eng
020 ## - INTERNATIONAL STANDARD BOOK NUMBER
International Standard Book Number 9780071845366x
Qualifying information (softcover)
041 ## - LANGUAGE CODE
Language code of text/sound track or separate title eng
080 ## - UNIVERSAL DECIMAL CLASSIFICATION NUMBER
Universal Decimal Classification number 004.03 S-70
100 1# - MAIN ENTRY--PERSONAL NAME
Personal name Soyinka, Wale
9 (RLIN) 12353
245 10 - TITLE STATEMENT
Title Linux administration :
Remainder of title a beginner's guide /
Statement of responsibility, etc. Wale Soyinka.
250 ## - EDITION STATEMENT
Edition statement Seventh edition.
264 #1 - PRODUCTION, PUBLICATION, DISTRIBUTION, MANUFACTURE, AND COPYRIGHT NOTICE
Place of production, publication, distribution, manufacture New York :
Name of producer, publisher, distributor, manufacturer McGraw-Hill Education,
Date of production, publication, distribution, manufacture, or copyright notice [2016].
300 ## - PHYSICAL DESCRIPTION
Extent xxxii, 816 pages ;
Dimensions 24 cm.
440 ## - SERIES STATEMENT/ADDED ENTRY--TITLE
Title Published by McGraw-Hill
9 (RLIN) 12354
653 ## - INDEX TERM--UNCONTROLLED
keyword Linux Administration : A Beginners Guide
653 ## - INDEX TERM--UNCONTROLLED
keyword სისტემის სახეობები და თავისებურებები
653 ## - INDEX TERM--UNCONTROLLED
keyword საინფორმაციო ტექნოლოგიები
942 ## - ADDED ENTRY ELEMENTS (KOHA)
Source of classification or shelving scheme
Koha item type წიგნი
ეგზემპლარები
Withdrawn status Lost status Source of classification or shelving scheme Damaged status Not for loan Permanent Location Current Location Shelving location Date acquired Cost, normal purchase price Full call number Barcode Date last seen Copy number Price effective from Koha item type Public note
          ბათუმის შოთა რუსთაველის სახელმწიფო უნივერსიტეტის მთავარი ბიბლიოთეკა ბათუმის შოთა რუსთაველის სახელმწიფო უნივერსიტეტის მთავარი ბიბლიოთეკა წიგნსაცავი 2021-07-31 111.00 004.03 S-70 55247 2021-07-31 55247 2021-07-31 წიგნი 111.00 GEL.
          ბათუმის შოთა რუსთაველის სახელმწიფო უნივერსიტეტის მთავარი ბიბლიოთეკა ბათუმის შოთა რუსთაველის სახელმწიფო უნივერსიტეტის მთავარი ბიბლიოთეკა წიგნსაცავი 2021-07-31 111.00 004.03 S-70 55248 2021-07-31 55248 2021-07-31 წიგნი 111.00 GEL.